Tulanamulak bharatiya sahitya (Record no. 3277)

MARC details
000 -LEADER
fixed length control field 00532cam a2200205ua 4500
008 - FIXED-LENGTH DATA ELEMENTS--GENERAL INFORMATION
fixed length control field 150730n ii |||gr||||Z||||||asm
020 ## - INTERNATIONAL STANDARD BOOK NUMBER
International Standard Book Number 81-7339-188-2
040 ## - CATALOGING SOURCE
Transcribing agency MAIN
041 ## - LANGUAGE CODE
-- asm
082 ## - DEWEY DECIMAL CLASSIFICATION NUMBER
Classification number 809
100 ## - MAIN ENTRY--PERSONAL NAME
Personal name Bezbora, Nirajana Mahanta,
Relator term
245 ## - TITLE STATEMENT
Title Tulanamulak bharatiya sahitya
Statement of responsibility, etc. by Nirajana Mahanta Bezbora
250 ## - EDITION STATEMENT
Edition statement 1st.
260 ## - PUBLICATION, DISTRIBUTION, ETC.
Place of publication, distribution, etc. Dibrugarh:
Name of publisher, distributor, etc. Banalata,999.
300 ## - PHYSICAL DESCRIPTION
Extent 142p:
Dimensions 23cm.
942 ## - ADDED ENTRY ELEMENTS (KOHA)
Koha item type Books
653 ## - INDEX TERM--UNCONTROLLED
Uncontrolled term Assamese literature
653 ## - INDEX TERM--UNCONTROLLED
Uncontrolled term Tulanamulak bharatiya sahitya
Holdings
Withdrawn status Lost status Damaged status Not for loan Home library Current library Shelving location Date acquired Total Checkouts Full call number Barcode Date last seen Date last checked out Copy number Price effective from Koha item type
        Central Library, Naharkatiya College Central Library, Naharkatiya College General Stacks 19/09/2020 1 809 | BEZ 8066 25/01/2024 10/01/2024 3 19/09/2020 Books
        Central Library, Naharkatiya College Central Library, Naharkatiya College General Stacks 19/09/2020 8 809 | BEZ 8067 22/03/2024 02/03/2024 4 19/09/2020 Books
        Central Library, Naharkatiya College Central Library, Naharkatiya College General Stacks 19/09/2020 10 809 | BEZ 8068 18/09/2024 07/09/2024 5 19/09/2020 Books
        Central Library, Naharkatiya College Central Library, Naharkatiya College General Stacks 19/09/2020 15 809 | BEZ 9751 28/08/2025 09/11/2024 8 19/09/2020 Books
        Central Library, Naharkatiya College Central Library, Naharkatiya College General Stacks 19/09/2020 10 809 | BEZ 9752 22/10/2024 17/09/2024 7 19/09/2020 Books
        Central Library, Naharkatiya College Central Library, Naharkatiya College General Stacks 19/09/2020 7 809 | BEZ 9753 04/03/2024 12/02/2024 6 19/09/2020 Books
        Central Library, Naharkatiya College Central Library, Naharkatiya College General Stacks 19/09/2020 25 809 | BEZ 9754 04/12/2025 29/11/2025 1 19/09/2020 Books
        Central Library, Naharkatiya College Central Library, Naharkatiya College General Stacks 19/09/2020 23 809 | BEZ 9755 01/12/2025 29/11/2025 2 19/09/2020 Books

Naharkatiya College © 2020. All rights reserved.

Powered By